000 00529nam a2200157 i 4500
001 49107
003 ES-MaACL
005 20230906161903.0
007 t|
008 030708s1915 ag ||||1| spa d
100 1 _aCorrea Luna, Carlos.
_940755
245 1 3 _aLa iniciación revolucionaria
_b: el caso del Doctor Agrelo /
_cCarlos Correa Luna.
260 _aBuenos Aires :
_b[s.n.],
_c1915.
500 _aEs separata de: Revista de la Universidad de Buenos Aires. T. XXXI.
852 _aES-MaACL
_j1590-F-21
999 _c49107
_d49107